| 000 | 01132nam a22003257i 4500 | ||
|---|---|---|---|
| 003 | EG-GICUC | ||
| 005 | 20260121101452.0 | ||
| 008 | 251211s1927 us ||||fr|||| 001 0 eng d | ||
| 040 |
_aEG-GiCUC _beng _cEG-GiCUC _dEG-GiCUC _erda |
||
| 041 | _aeng | ||
| 082 | 0 | 4 |
_221 _a341.22 _bWI . S |
| 092 | 0 | 4 | _221 |
| 099 | _aLaw1 11 341.22 WI . S 1927 | ||
| 100 | 1 |
_aWilliams, Bruce, _d1891-1929, _eAuthor. |
|
| 245 | 1 | 0 |
_aState security and the League of nations / _cby Bruce Williams. |
| 264 | 3 |
_aBaltimore : _bThe Johns Hopkins Press, _c1927. |
|
| 300 |
_a2 pages ยก., iii-x, 346 pages ; _c24 cm |
||
| 336 |
_2rda content _atext |
||
| 337 |
_2rda media _aComputer |
||
| 338 |
_2rda carrier _aOnline Resource |
||
| 490 | 0 |
_aAlbert Shaw lectures on diplomatic history ; _v1927. |
|
| 500 | _aPublished also as thesis (PH.D) Johns Hopkins university, 1920. | ||
| 504 | _aBibliographic references | ||
| 546 | _aText in English | ||
| 650 | 1 | 4 |
_aLeague of Nations _xPublic international law _2qrmak |
| 651 | 1 | _2qrmak | |
| 856 | 4 | 0 | _uhttps://fll.law.cu.edu.eg/fulltext/bks/B11-05066.pdf |
| 905 |
_a75 _eHassnaa |
||
| 942 |
_2ddc _cBK _e21 _n0 |
||
| 999 |
_c49803 _d49803 |
||